| 000 | 01085nam a2200337 a 4500 | ||
|---|---|---|---|
| 001 | 000114261 | ||
| 003 | CHAP | ||
| 005 | 20220329144433.0 | ||
| 008 | 171201s2014 ne a |r| |||1|||eng d | ||
| 010 | _a110722 | ||
| 011 | _a111694 | ||
| 020 | _a978-94-017-8636-2 (Springer) | ||
| 020 | _a9789251071823 (FAO) | ||
| 040 | _cCHAP | ||
| 082 | 0 | 4 |
_a305.43631 _bQ61 |
| 245 | 0 |
_aGender in agriculture : _bclosing the knowledge gap / _ceditores Agnes R. Quisumbing ...[et al.]. |
|
| 260 |
_aDordrecht, Netherlands : _bSpringer : _bFAO, _c2014. |
||
| 300 |
_axvi, 444 p. : _bil. ; _cgráficas, tablas. |
||
| 500 | _aIncluye indice alfabético | ||
| 590 |
_aE11695DGD _b10 _c20180111 _lUCH01 _h1139 |
||
| 590 |
_aE8697GMM _b05 _c20171201 _lUCH01 _h1011 |
||
| 590 |
_aE8697GMM _b05 _c20171201 _lUCH01 _h1255 |
||
| 590 |
_aE8697GMM _b05 _c20171201 _lUCH01 _h1432 |
||
| 650 | 1 | 4 |
_aAgricultura _xTrabajadores. _91840 |
| 650 | 1 | 4 |
_aEnfoque de género. _936945 |
| 650 | 1 | 4 |
_aMujer en agricultura. _979359 |
| 700 | 1 |
_aQuisumbing, Agnes R. _9134200 |
|
| 901 | _aBK | ||
| 942 | _cLIBRO | ||
| 942 | _n0 | ||
| 999 |
_c110722 _d110722 |
||